Nghiên cứu thiết kế bộ truyền động vô cấp cơ thủy tĩnh : Báo cáo tổng kết đề tài Khoa học cấp trường

সংরক্ষণ করুন:
গ্রন্থ-পঞ্জীর বিবরন
প্রধান লেখক: Diệp, Bảo Trí
বিন্যাস: Đề tài khoa học
ভাষা:Undetermined
প্রকাশিত: Trường Đại học Công nghiệp Tp. Hồ Chí Minh 2020
বিষয়গুলি:
ট্যাগগুলো: ট্যাগ যুক্ত করুন
কোনো ট্যাগ নেই, প্রথমজন হিসাবে ট্যাগ করুন!
Thư viện lưu trữ: Trung tâm Thư viện - Trường Đại học Công nghiệp TP. Hồ Chí Minh
LEADER 00689nam a2200157Ia 4500
001 UIH_00750
008 230809s9999 xx 000 0 und d
082 |a 621.2 
100 |a Diệp, Bảo Trí 
245 0 |a Nghiên cứu thiết kế bộ truyền động vô cấp cơ thủy tĩnh : Báo cáo tổng kết đề tài Khoa học cấp trường 
245 0 |c Diệp, Bảo Trí 
260 |b Trường Đại học Công nghiệp Tp. Hồ Chí Minh 
260 |c 2020 
650 |a Truyền động cơ khí 
927 |a Đề tài khoa học 
980 |a Trung tâm Thư viện - Trường Đại học Công nghiệp TP. Hồ Chí Minh